One Piece Charakter (Deutsch) - Statistiken

Allgemein
  • Dieses Quiz wurde 531 mal gespielt
  • Das Durchschnittsergebnis liegt bei 9 aus 15
Antwortstatistiken
Hint Antwort % Korrekt
3 Schwerter Zorro
99%
Strohhut Ruffy
98%
Zimmermann Franky
86%
Phoenix Marco
80%
Feuerfrucht Sabo
75%
Licht Kizaru
73%
Magma Akainu
72%
Ginger Nami
67%
Prinzessin Vivi
62%
Fischmensch Arlong
61%
Sonne und Wolke Big Mom
50%
Schlangen Boa Hancock
46%
Marine Soldat Korby
36%
King King
28%
Großes Schwert White Beard
14%
Keine übereinstimmenden Quizze gefunden
Verteilung der Resultate
Anzahl Personen mit jedem Resultat
Perzentil nach korrekt beantworteten Fragen
Ihre Resultats-Entwicklung
Sie haben dieses Quiz noch nicht gespielt